Statistics for F1 Podiums 1976

Click here to take the quiz!

General Stats

  • This quiz has been taken 159 times
  • The average score is 8 of 13

Answer Stats

Answer% Correct
James Hunt
99%
Niki Lauda
99%
Mario Andretti
88%
Jody Scheckter
83%
Clay Regazzoni
77%
Ronnie Peterson
75%
Patrick Depailler
57%
John Watson
56%
Jochen Mass
49%
Jacques Laffite
47%
Gunnar Nilsson
39%
Jean-Pierre Jarier
36%
Tom Pryce
32%

Score Distribution

Percentile by Number Answered

Percent of People with Each Score

Your Score History

You have not taken this quiz